000 00452nam a22001817a 4500
003 MPLRDC
005 20220104144042.0
008 210129b ||||| |||| 00| 0 eng d
020 _a7-80049-233-8
082 _a781.1 YL
100 _a商传, 杨林 等编译
245 _a中国历代后妃传
_c
250 _a初版
260 _a
_b国际文化出版公司
_c1992
300 _b
650 _a各国传记--中国
942 _cBK
_o781.1 YL
999 _c45911
_d45901